Catálogo
 En Linea

Vipére au poing. (Registro nro. 34461)

Detalles MARC
000 -CABECERA
campo de control de longitud fija 00264nam a2200109 a 4500
005 - FECHA Y HORA DE LA ÚLTIMA TRANSACCIÓN
campo de control 20200930074023.0
008 - DATOS DE LONGITUD FIJA--INFORMACIÓN GENERAL
campo de control de longitud fija 111024s1948 000 spa d
040 ## - FUENTE DE LA CATALOGACIÓN
Centro catalogador/agencia de origen DO-SdBNP
100 ## - ENTRADA PRINCIPAL--NOMBRE DE PERSONA
Nombre de persona Bazin, Hervé
9 (RLIN) 60564
245 #0 - MENCIÓN DE TÍTULO
Título Vipére au poing.
260 ## - PUBLICACIÓN, DISTRIBUCIÓN, ETC.
Lugar de publicación, distribución, etc. France,
Fecha de publicación, distribución, etc. 1948.

No hay ítems disponibles.

Con tecnología Koha